00848nam a2200253 a 450000100060000000300080000600500170001400800410003103500190007203500190009104000390011004100080014908200260015710000320018324501000021526001100031530000210042550000190044665000200046565000100048565000140049570000250050983000600053468591BD-RjUL20211209081805.0170403s1936 enk 001 0 eng d a(BD-RjUL)68801 a(OCoLC)1906870 aDLCcFMUdOCoLCdDLCdBD-RjULbeng aeng 223a150.195bFRI 19361 aFreud, Sigmund,d1856-1939.10aInhibitions, Symptoms and Anxiety /cSigmund Freud ... authorized translation by Alix Strachey. aLondon :bPub. by L and Virginia Woolf at the Hogarth Press, and the Institute of Psycho-analysis,c1936 a179 p. :c23 cm. aIncludes index 0aPsychoanalysis. 0aFear. 0aNeuroses.1 aStrachey, Alix,ctr. aThe international psycho-analytical library ...vNo. 28